000 02159nam a22002297a 4500
999 _c59008
_d59008
003 Ge_BSU
005 20221221145820.0
008 221031s2021 ge ||||| |||| 00| 0 geo d
041 _ageo
080 _a81 ც-66
100 _aცინცაბაძე, ქრისტინე
_915660
245 _aფრაზეოლოგიურ ერთეულთა კონცეპტუალური ველი და მათი თარგმნის ლინგვოკულტურული ასპექტები :
_bდისერტაცია /
_cქრისტინე ცინცაბაძე; სამეცნიერო ხელმძღვანელი ქეთევან სვანიძე, ლილე თანდილავა; ბათუმის შოთა რუსთაველის სახელმწიფო უნივერსიტეტი. ჰუმანიტარულ მეცნიერებათა ფაკულტეტი. აღმოსავლეთმცოდნეობის დეპარტამენტი. ევროპეისტიკის დეპარტამენტი.
264 _aბათუმი,
_c2021.
300 _a122 გვ.;
_b30 სმ.
504 _aბიბლიოგრ. გვ.117-122
653 _aლინგვისტიკა
653 _aდისერტაცია
700 _aსვანიძე, ქეთევან
_eსამეცნიერო ხელმძღვანელი
_911100
700 _aთანდილავა, ლილე
_eსამეცნიერო ხელმძღვანელი
_95951
710 _aბათუმის შოთა რუსთაველის სახელმწიფო უნივერსიტეტი
_bჰუმანიტარულ მეცნიერებათა ფაკულტეტი. აღმოსავლეთმცოდნეობის დეპარტამენტი. ევროპეისტიკის დეპარტამენტი.
_915662
942 _2udc
_cDS